Barbara Hershey Filmography - Statistics

General Stats
  • This quiz has been taken 14 times
    3 since last reset
  • The average score is 37 of 125
Answer Stats
Type Year Name % Correct
Film 1986 Hannah and Her Sisters
100%
Film 1972 Boxcar Bertha
67%
Film 2014 Sister
67%
Film 1982 The Entity
67%
Film 1983 The Right Stuff
67%
Film 2003 11:14
33%
Film 2022 9 Bullets
33%
TV Mini-Series 1993 Abraham
33%
Film 1993 A Dangerous Woman
33%
TV Show 2010 Agatha Christie's Poirot
33%
TV Film 1990 A Killing in a Small Town
33%
Film 2009 Albert Schweitzer
33%
TV Show 1985 Alfred Hitchcock Presents
33%
TV Mini-Series 1979 A Man Called Intrepid
33%
Film 1983 Americana
33%
TV Show 1982 American Playhouse
33%
TV Film 1980 Angel on My Shoulder
33%
TV Film 2008 Anne of Green Gables: A New Beginning
33%
Film 2011 Answers to Nothing
33%
Film 1998 A Soldier's Daughter Never Cries
33%
Film 1988 A World Apart
33%
Film 1988 Beaches
33%
Web Series 2023 Beacon 23
33%
Film 2010 Black Swan
33%
TV Show 1966 Bob Hope Presents the Chrysler Theatre
33%
Film 1999 Breakfast of Champions
33%
TV Show 1999-2000 Chicago Hope
33%
Film 2008 Childless
33%
TV Show 2016 Damien
33%
TV Show 1967 Daniel Boone
33%
TV Mini-Series 2002 Daniel Deronda
33%
Film 1972 Dealing: Or the Berkeley-to-Boston Forty-Brick Lost-Bag Blues
33%
Film 1991 Defenseless
33%
Film 1975 Diamonds
33%
Film 1999 Drowning on Dry Land
33%
TV Show 1983 Faerie Tale Theatre
33%
Film 1993 Falling Down
33%
TV Film 1976 Flood
33%
Film 1998 Frogs for Snakes
33%
TV Show 1980 From Here to Eternity
33%
TV Show 1965, 1966 Gidget
33%
Film 1969 Heaven with a Gun
33%
Film 1986 Hoosiers
33%
TV Film 2003 Hunger Point
33%
Film 2010 Insidious
33%
Film 2013 Insidious: Chapter 2
33%
Film 2018 Insidious: The Last Key
33%
TV Show 1970 Insight
33%
TV Film 1977 In the Glitter Palace
33%
TV Film 1977 Just a Little Inconvenience
33%
TV Show 1974 Kung Fu
33%
Film 2001 Lantana
33%
Film 1995 Last of the Dogmen
33%
Film 1969 Last Summer
33%
TV Film 2012 Left to Die
33%
Film 2007 Love Comes Lately
33%
Film 1973 Love Comes Quietly
33%
TV Show 1973 Love Story
33%
TV Film 1985 My Wicked, Wicked Ways: The Legend of Errol Flynn
33%
Documentary 2008 Nick Nolte: No Exit
33%
TV Show 2012-2016 Once Upon a Time
33%
TV Show 2014 Once Upon a Time in Wonderland
33%
TV Film 2004 Paradise
33%
Web Series 2020 Paradise Lost
33%
Film 1991 Paris Trout
33%
Film 1999 Passion
33%
TV Film 1986 Passion Flower
33%
TV Documentary 1996 Portrait
33%
TV Mini-Series 1993 Return to Lonesome Dove
33%
Film 2004 Riding the Bullet
33%
Film 1987 Shy People
33%
Film 1993 Splitting Heirs
33%
TV Film 1992 Stay the Night
33%
Film 2023 Strange Darling
33%
TV Film 1977 Sunshine Christmas
33%
Film 1993 Swing Kids
33%
Film 1981 Take This Job and Shove It
33%
Film 2016 The 9th Life of Louis Drax
33%
Film 1970 The Baby Maker
33%
Film 2007 The Bird Can't Fly
33%
Film 1974 The Crazy World of Julius Vrooder
33%
TV Show 1966 The Farmer's Daughter
33%
TV Show 1968 The High Chaparral
33%
TV Show 1968 The Invaders
33%
Film 1976 The Last Hard Men
33%
Film 1988 The Last Temptation of Christ
33%
Film 1970 The Liberation of L.B. Jones
33%
Film 2021 The Manor
33%
TV Show 1966-1967 The Monroes
33%
TV Show 2004-2005 The Mountain
33%
Film 1984 The Natural
33%
Film 1996 The Pallbearer
33%
Film 1996 The Portrait of a Lady
33%
TV Pilot 1968 The Princess and Me
33%
Film 1992 The Public Eye
33%
Film 1971 The Pursuit of Happiness
33%
TV Film 1998 The Staircase
33%
TV Film 2003 The Stranger Beside Me
33%
Film 1980 The Stunt Man
33%
TV Show 2018 The X-Files
33%
Film 1987 Tin Men
33%
Film 1976 Trial by Combat
33%
Film 1990 Tune in Tomorrow
33%
Film 2008 Uncross the Stars
33%
Film 1968 With Six You Get Eggroll
33%
TV Special 1997 AFI Life Achievement Award: A Tribute to Martin Scorsese
0%
Documentary Series 1990 American Masters
0%
Audiobook 1989 At Risk
0%
Documentary Series 2004 Biography
0%
TV Show 1968 CBS Playhouse
0%
Theater 1981 Einstein and the Polar Bear
0%
Short Documentary 2019 Inner Strength: Barbara Hershey and The Entity
0%
TV Special 1988 Mickey's 60th Birthday
0%
TV Show 1968 Run for Your Life
0%
Documentary TBA Strength in Union
0%
TV Show 1982 The American Sportsman
0%
TV Show 1967 The Dating Game
0%
TV Documentary 2020 The Happy Days of Garry Marshall
0%
TV Special 2021 The Kennedy Center Honors: A Celebration of the Performing Arts
0%
Film 1994 The Little Rascals
0%
TV Show 1972 The Merv Griffin Show
0%
Documentary 2016 The Natural: The Best There Ever Was
0%
TV Show 1986, 1990 The Tonight Show Starring Johnny Carson
0%
TV Film 1982 Twilight Theatre II
0%
TV Film TBA Woodstockers
0%
No matching quizzes found
Score Distribution
Percent of People with Each Score
Percentile by Number Answered
Your Score History
You have not taken this quiz since the last reset